Регионална библиотека "Любен Каравелов" - Русе

Невидимият великан (Запис номер 141545)

MARC детайли
000 -Лидер
Контролно поле с фиксирана дължина 01336nam a2200301 c 4500
003 - Код на организацията, давaща контролен номер
Контролно поле BLK
005 - Дата и час на последна редакция
Контролно поле 20210202152204.0
008 - Елементи от данни с фиксирана дължина
fixed length control field 180409b bul|||||r ||||||| ||bul||
010 ## - Наследен системен номер
LC control number KNG00147616000
040 ## - Източник на каталожния запис
Идентификатор на билиотеката - собственик на записа BLK
041 ## - Код за език
Код за езика на текст/звукозапис или на отделно заглавие Български
Код за езика КДБФ Български
080 ## - УДК
Текстов определител УДК Българска литература
УДК код - определител по УДК 821.163.2
УДК определител -93-193.1
УДК - код + определител 821.163.2-93-193.1
100 1# - Редна дума - Автор
Автор Пантелеев, Димитър
Авторска отговорност първи автор
Автор - информация (биография) Менкаджиев, Димитър Пантелеев
R(LIN) 367299
139 ## - Редно поле
Редна дума Пантелеев, Димитър
Авторски знак Пант - П 19
245 10 - Сведения за заглавието
Заглавие Невидимият великан
Подзаглавни данни Гатанки за нач. училищна възраст
Редно поле (дума) Димитър Пантелеев; худож. Борис Китанов; * Димитър Пантелеев Менкаджиев.
257 ## - Страна на издаване
Страна на създаване/издаване България
260 ## - Област на издателските данни
Име на издателя, разпространителя и проч. Бълг. художник
Година на издаване 1979
Място на издаване, разпространение и проч. София
300 ## - Физическа характеристика
Страници 16 с.
Илюстрации и др. с ил.
Размери/Мащаб 32 см
380 ## - Жанр
Жанр Детска худож. лит.
500 ## - Общи забележки
Забележка Кор. опис. - 60 120 тир.
700 1# - Други автори (авторска отговорност)
Лично име Китанов, Борис
Автороска отговорност (Описва отношението между автора и произведението) худож.
9 (RLIN) 379199
700 1# - Други автори (авторска отговорност)
Лично име Менкаджиев, Димитър Пантелеев
Автороска отговорност (Описва отношението между автора и произведението) *
9 (RLIN) 274881
852 ## - Местоположение
Форматна сигнатура Цб ІІ 18540
856 4# - Електронен адрес и достъп
Електронен формат pdf - файл
856 4# - Електронен адрес и достъп
Електронен формат pdf - файл
999 ## - СИСТЕМНИ КОНТРОЛНИ НОМЕРА
Koha biblionumber 141545
Koha biblioitemnumber 141545
942 ## - АРТИКУЛИ
Вид на библиотечния материал Книги
Скрит в OPAC Не
Периодичен библиозапис Да
944 ## - СЪЗДАВАНЕ И РЕДАКЦИЯ на ЗАПИСА
Създаване/Редакция Създаване
Дата на регистрацията/редакция 29.07.2013
Статус, дата на статуса 29.07.2013 - от С1,Р / 29.07.2013
Служител, извършил регистрацията/редакцията Серджан_Ахмедов
944 ## - СЪЗДАВАНЕ И РЕДАКЦИЯ на ЗАПИСА
Създаване/Редакция Редакция
Дата на регистрацията/редакция 29.07.2013
Статус, дата на статуса 29.07.2013 - от С1,Р / 29.07.2013
999 ## - СИСТЕМНИ КОНТРОЛНИ НОМЕРА
Koha biblioitemnumber 141545
Наличности
Код за отписване Код за изгубен артикул Източник на класификационната схема Код за повреда Коз за рестрикции Код за отдаване Артикулен № Име на библиотеката - собственик Име на библиотеката, в която се намира в момента Статус (Текущо местоположение) Дата на вписване в системата Местоположение - отдел Цена в лева Инвентарен номер Систематично азбучна сигнатура Баркод Номер на екземпляра Цена в евро Служебна бележка Служебен тип на артикула
  Не е изгубен Universal Decimal Classification Не е повреден без рестрикции ползва се в читалня 233236 Регионална библиотека "Любен Каравелов" Русе Регионална библиотека "Любен Каравелов" Русе Хранилище 1979-01-01 Хранилище 0.40 279421 Цб ІІ 18540 120000279421 1 0.20 Вид: СФ N: стар фонд Дата: 01.01.1979 Книги
Изтеглен Не е изгубен Universal Decimal Classification Не е повреден без рестрикции заемане за дома 233237 Регионална библиотека "Любен Каравелов" Русе Регионална библиотека "Любен Каравелов" Русе Детски отдел 1979-01-01 Детски отдел 0.40 282347 ДХ 886.7/П 19 282347 2 0.20 Вид: СФ N: стар фонд Дата: 01.01.1979 Дата инв: 12.08.2015 Бележки инв: Д2015 Книги
Vip Innovations Ltd, Rousse, Bulgaria 2025